Statistics for Where the first dinosaur fossils were found part 4

Click here to take the quiz!

General Stats

  • This quiz has been taken 9 times
  • The average score is 12 of 15

Answer Stats

HintAnswer% Correct
AlbertosaurusCanada
100%
ChasmosaurusCanada
100%
Ostrich Mimic OrnithomimidsCanada
100%
AngolatitanAngola
88%
GiganotosaurusArgentina
88%
LesothosaurusLesotho/South africa
88%
DimorphodonUK
88%
ProceratosaurusUK
88%
CoelurusUSA
88%
SinoceratopsChina
75%
AbrosaurusChina
75%
PlesiosaurusEurope/Asia/Australia/North America
75%
NigersaurusNiger
75%
PliosaurusPoland
63%
AbdarainurusMongolia
50%

Score Distribution

Percentile by Number Answered

Percent of People with Each Score

Your Score History

You have not taken this quiz